| 000 | 00420nam a2200181Ia 4500 | ||
|---|---|---|---|
| 005 | 20250425161637.0 | ||
| 008 | 250425s9999 xx 000 0 und d | ||
| 041 | _aspa | ||
| 082 | _a545.3 | ||
| 100 | _aALMAGRO HUERTAS, V. | ||
| 245 | 0 | _aTEORÍA Y PRÁCTICA DE ELECTROANÁLISIS | |
| 250 | _a1A ED. | ||
| 260 |
_aEspaña _bALHAMBRA _c1969 |
||
| 260 | _aMADRID | ||
| 300 | _a275 | ||
| 942 | _c01 | ||
| 010 | _a24928 | ||
| 999 |
_c213210 _d213210 |
||